[Event "RUS Central Region-chT"]
[Site "Lipetsk"]
[Date "2017.12.07"]
[Round "7.3"]
[White "Afromeev, Vladimir"]
[Black "Kostin, Alexey"]
[Result "1/2-1/2"]
[WhiteElo "2646"]
[BlackElo "2263"]
[PlyCount "67"]
[EventDate "2017.12.03"]
[EventType "team-swiss"]
[EventRounds "7"]
[EventCountry "RUS"]
[SourceTitle "CBM 182 Extra"]
[Source "ChessBase"]
[SourceDate "2018.02.23"]
[SourceVersion "1"]
[SourceVersionDate "2018.02.23"]
[SourceQuality "1"]
[WhiteTeam "Tula Region"]
[BlackTeam "Voronezh Region"]
[WhiteTeamCountry "RUS"]
[BlackTeamCountry "RUS"]

1. d4 d5 2. c4 c6 3. cxd5 cxd5 4. Bf4 Nc6 5. e3 Bf5 6. Bd3 Bxd3 7. Qxd3 e6 8. a3 Bd6 9. Bxd6 Qxd6 10. Nf3 Nf6 11. Nc3 a6 12. 0-0 0-0 13. Rfc1 Rfc8 14. b4 b5 15. Ne2 Ne7 16. Qd1 Qd8 17. Rxc8 Rxc8 18. Rc1 Rxc1 19. Qxc1 Qc8 20. Qxc8+ Nxc8 21. Nc3 Ne7 22. Kf1 Kf8 23. Ke2 Nc8 24. Kd3 Nd6 25. Nb1 Ke7 26. Ne5 Nc4 27. f3 Nd7 28. Nxd7 Kxd7 29. Ke2 Kc6 30. Kd3 Kd6 31. Ke2 Kc6 32. Kd3 Kd6 33. Ke2 Kc6 34. Kd3 1/2-1/2

[Event "Tula Kotov Memorial"]
[Site "Tula"]
[Date "2008.01.10"]
[Round "9"]
[White "Afromeev, Vladimir"]
[Black "Yagupov, Igor"]
[Result "1/2-1/2"]
[WhiteElo "2646"]
[BlackElo "2491"]
[PlyCount "34"]
[EventDate "2008.01.02"]
[EventType "tourn"]
[EventRounds "9"]
[EventCountry "RUS"]
[EventCategory "9"]
[SourceTitle "CBM 122 Extra"]
[Source "ChessBase"]
[SourceDate "2008.03.04"]
[SourceVersion "1"]
[SourceVersionDate "2008.03.04"]
[SourceQuality "1"]

1. e4 c5 2. c3 d5 3. exd5 Qxd5 4. d4 e6 5. Nf3 Nf6 6. Be2 Nc6 7. 0-0 cxd4 8. cxd4 Be7 9. Nc3 Qd6 10. Nb5 Qd8 11. Bf4 Nd5 12. Bg3 a6 13. Nc3 0-0 14. Rc1 Nxc3 15. bxc3 Bf6 16. Bd3 b5 17. a3 Bb7 1/2-1/2

[Event "Tula Kotov Memorial"]
[Site "Tula"]
[Date "2007.07.07"]
[Round "12"]
[White "Afromeev, Vladimir"]
[Black "Kovchan, Alexander"]
[Result "1/2-1/2"]
[WhiteElo "2628"]
[BlackElo "2527"]
[PlyCount "31"]
[EventDate "2007.06.30"]
[EventType "tourn"]
[EventRounds "13"]
[EventCountry "RUS"]
[EventCategory "9"]
[SourceTitle "CBM 119 Extra"]
[Source "ChessBase"]
[SourceDate "2007.09.04"]
[SourceVersion "1"]
[SourceVersionDate "2007.09.04"]
[SourceQuality "1"]

1. e4 c5 2. c3 g6 3. d4 cxd4 4. cxd4 d5 5. Bb5+ Bd7 6. Bxd7+ Nxd7 7. e5 e6 8. Nf3 Ne7 9. 0-0 Bg7 10. Bg5 h6 11. Be3 0-0 12. Qd2 Nf5 13. Nc3 Qb6 14. g4 Nxe3 15. fxe3 f6 16. exf6 1/2-1/2

[Event "Tula Kotov Memorial"]
[Site "Tula"]
[Date "2007.07.05"]
[Round "9"]
[White "Arzumanian, Georgy"]
[Black "Afromeev, Vladimir"]
[Result "1/2-1/2"]
[WhiteElo "2487"]
[BlackElo "2628"]
[PlyCount "40"]
[EventDate "2007.06.30"]
[EventType "tourn"]
[EventRounds "13"]
[EventCountry "RUS"]
[EventCategory "9"]
[SourceTitle "CBM 119 Extra"]
[Source "ChessBase"]
[SourceDate "2007.09.04"]
[SourceVersion "1"]
[SourceVersionDate "2007.09.04"]
[SourceQuality "1"]

1. e4 e5 2. Nf3 Nf6 3. Nxe5 Qe7 4. d4 Nc6 5. Nxc6 Qxe4+ 6. Qe2 Qxe2+ 7. Bxe2 dxc6 8. 0-0 Bf5 9. c3 0-0-0 10. Bg5 Be7 11. Re1 Rhe8 12. Nd2 h6 13. Bh4 Nd5 14. Bg3 Bd6 15. Bf3 Bxg3 16. hxg3 b6 17. Kf1 Bd3+ 18. Be2 Bxe2+ 19. Rxe2 Rxe2 20. Kxe2 Re8+ 1/2-1/2

[Event "Tula Kotov Memorial"]
[Site "Tula"]
[Date "2007.07.03"]
[Round "5"]
[White "Yagupov, Igor"]
[Black "Afromeev, Vladimir"]
[Result "1/2-1/2"]
[WhiteElo "2494"]
[BlackElo "2628"]
[PlyCount "29"]
[EventDate "2007.06.30"]
[EventType "tourn"]
[EventRounds "13"]
[EventCountry "RUS"]
[EventCategory "9"]
[SourceTitle "CBM 119 Extra"]
[Source "ChessBase"]
[SourceDate "2007.09.04"]
[SourceVersion "1"]
[SourceVersionDate "2007.09.04"]
[SourceQuality "1"]

1. Nf3 Nf6 2. c4 c5 3. Nc3 Nc6 4. d4 cxd4 5. Nxd4 e6 6. Ndb5 d5 7. Bf4 e5 8. cxd5 exf4 9. dxc6 bxc6 10. Qxd8+ Kxd8 11. Rd1+ Bd7 12. Nd6 Bxd6 13. Rxd6 Rb8 14. Rd2 Re8 15. g3 1/2-1/2

[Event "Tula Kotov Memorial"]
[Site "Tula"]
[Date "2007.07.02"]
[Round "4"]
[White "Afromeev, Vladimir"]
[Black "Simantsev, Mikhail"]
[Result "1-0"]
[WhiteElo "2628"]
[BlackElo "2430"]
[PlyCount "71"]
[EventDate "2007.06.30"]
[EventType "tourn"]
[EventRounds "13"]
[EventCountry "RUS"]
[EventCategory "9"]
[SourceTitle "CBM 119 Extra"]
[Source "ChessBase"]
[SourceDate "2007.09.04"]
[SourceVersion "1"]
[SourceVersionDate "2007.09.04"]
[SourceQuality "1"]

1. e4 d5 2. exd5 Qxd5 3. Nc3 Qa5 4. d4 Nf6 5. Nf3 Ne4 6. Bd3 Nxc3 7. bxc3 Nd7 8. 0-0 e6 9. c4 Be7 10. Qe2 Nf6 11. c5 c6 12. a4 Qc7 13. a5 0-0 14. g3 Qd7 15. c4 Rd8 16. Rd1 a6 17. Bc2 Qe8 18. Rb1 g6 19. h3 Qf8 20. Kg2 Ne8 21. h4 Ng7 22. Bh6 Qe8 23. g4 f5 24. Ne5 Bf6 25. Rb3 Qf8 26. h5 Nxh5 27. Bxf8 Nf4+ 28. Kf3 Nxe2 29. Bd6 Nxd4+ 30. Rxd4 h5 31. gxh5 gxh5 32. Rd1 Kh7 33. Ke2 Rg8 34. Rh3 h4 35. Nf3 Rg4 36. Nxh4 1-0

[Event "Tula Kotov Memorial"]
[Site "Tula"]
[Date "2007.07.01"]
[Round "2"]
[White "Afromeev, Vladimir"]
[Black "Zakharevich, Igor"]
[Result "1/2-1/2"]
[WhiteElo "2628"]
[BlackElo "2463"]
[PlyCount "27"]
[EventDate "2007.06.30"]
[EventType "tourn"]
[EventRounds "13"]
[EventCountry "RUS"]
[EventCategory "9"]
[SourceTitle "CBM 119 Extra"]
[Source "ChessBase"]
[SourceDate "2007.09.04"]
[SourceVersion "1"]
[SourceVersionDate "2007.09.04"]
[SourceQuality "1"]

1. e4 g6 2. d4 Bg7 3. Nc3 d6 4. Be3 a6 5. a4 Nd7 6. Bc4 Ngf6 7. Qd2 0-0 8. Bh6 e5 9. Bxg7 Kxg7 10. Nf3 Re8 11. dxe5 Nxe5 12. Nxe5 dxe5 13. 0-0-0 Qe7 14. f3 1/2-1/2

[Event "Tula Sinitsin Memorial"]
[Site "Tula "]
[Date "2007.04.24"]
[Round "12"]
[White "Chubakov, Oleg"]
[Black "Afromeev, Vladimir"]
[Result "0-1"]
[WhiteElo "2128"]
[BlackElo "2628"]
[PlyCount "76"]
[EventDate "2007.04.06"]
[EventType "tourn"]
[EventRounds "13"]
[EventCountry "RUS"]
[SourceTitle "EXT 2008"]
[Source "ChessBase"]
[SourceDate "2007.11.25"]
[SourceVersion "1"]
[SourceVersionDate "2007.11.25"]
[SourceQuality "1"]

1. Nf3 Nf6 2. g3 d5 3. Bg2 Bf5 4. 0-0 e6 5. d3 h6 6. Nbd2 Be7 7. Re1 Nc6 8. c3 0-0 9. b4 a6 10. a4 d4 11. Bb2 dxc3 12. Bxc3 Nd5 13. Bb2 Ndxb4 14. Nc4 Bf6 15. Bxf6 Qxf6 16. Ne3 Rfd8 17. Qb3 Rab8 18. Nxf5 Qxf5 19. Qc4 b5 20. axb5 Qxb5 21. Qxb5 axb5 22. Rec1 Rb6 23. Nd2 g5 24. Kf1 Kg7 25. Rc5 f5 26. Rac1 Rd6 27. Nb1 Kf6 28. Na3 Nd4 29. Rxc7 Ra6 30. Nb1 Ra1 31. Nd2 Rda6 32. Ke1 Ndc2+ 33. Kd1 Rxc1+ 34. Kxc1 Nd4 35. Bf1 Nd5 36. Rb7 Rc6+ 37. Kd1 Nc3+ 38. Ke1 Nc2# 0-1

[Event "Tula Sinitsin Memorial"]
[Site "Tula "]
[Date "2007.04.22"]
[Round "11"]
[White "Smolskiy, Mikhail"]
[Black "Afromeev, Vladimir"]
[Result "0-1"]
[WhiteElo "2042"]
[BlackElo "2628"]
[PlyCount "40"]
[EventDate "2007.04.06"]
[EventType "tourn"]
[EventRounds "13"]
[EventCountry "RUS"]
[SourceTitle "EXT 2008"]
[Source "ChessBase"]
[SourceDate "2007.11.25"]
[SourceVersion "1"]
[SourceVersionDate "2007.11.25"]
[SourceQuality "1"]

1. e4 e5 2. d4 exd4 3. c3 dxc3 4. Bc4 cxb2 5. Bxb2 d5 6. Bxd5 Nf6 7. Bxf7+ Kxf7 8. Qxd8 Bb4+ 9. Qd2 Bxd2+ 10. Nxd2 Re8 11. Ngf3 Nc6 12. 0-0 Bg4 13. e5 Nd5 14. Ng5+ Kg6 15. Ngf3 Nf4 16. h3 Bxf3 17. Nxf3 Rad8 18. Rfd1 b6 19. Rxd8 Rxd8 20. Rc1 Ne2+ 0-1

[Event "Tula Sinitsin Memorial"]
[Site "Tula "]
[Date "2007.04.18"]
[Round "7"]
[White "Zhukov, Vladimir"]
[Black "Afromeev, Vladimir"]
[Result "0-1"]
[WhiteElo "1948"]
[BlackElo "2628"]
[PlyCount "48"]
[EventDate "2007.04.06"]
[EventType "tourn"]
[EventRounds "13"]
[EventCountry "RUS"]
[SourceTitle "EXT 2008"]
[Source "ChessBase"]
[SourceDate "2007.11.25"]
[SourceVersion "1"]
[SourceVersionDate "2007.11.25"]
[SourceQuality "1"]

1. d4 d5 2. c4 dxc4 3. Nf3 c5 4. e3 e6 5. Bxc4 a6 6. 0-0 Nf6 7. dxc5 Qxd1 8. Rxd1 Bxc5 9. a3 b5 10. Be2 Bb7 11. Nc3 Nbd7 12. b4 Be7 13. Bb2 0-0 14. Rd2 Rac8 15. Rad1 Rc7 16. Nd4 Rfc8 17. Rc1 Nb6 18. Bf3 Bxf3 19. Nxf3 Nc4 20. Ne2 Nxd2 21. Rxc7 Nxf3+ 22. gxf3 Rxc7 23. Bd4 Rc2 24. Nc3 Nd5 0-1

[Event "Tula Sinitsin Memorial"]
[Site "Tula "]
[Date "2007.04.17"]
[Round "6"]
[White "Afromeev, Vladimir"]
[Black "Shibaeva, Lilia"]
[Result "1-0"]
[WhiteElo "2628"]
[BlackElo "2151"]
[PlyCount "93"]
[EventDate "2007.04.06"]
[EventType "tourn"]
[EventRounds "13"]
[EventCountry "RUS"]
[SourceTitle "EXT 2008"]
[Source "ChessBase"]
[SourceDate "2007.11.25"]
[SourceVersion "1"]
[SourceVersionDate "2007.11.25"]
[SourceQuality "1"]

1. e4 c5 2. c3 d5 3. exd5 Qxd5 4. d4 Nf6 5. dxc5 Qxc5 6. Be3 Qc7 7. Na3 a6 8. Nc4 Nbd7 9. a4 b6 10. Nf3 Bb7 11. Qd4 Nd5 12. Be2 e6 13. 0-0 Nc5 14. Qg4 Nxe3 15. fxe3 f5 16. Qh3 g6 17. Nd4 Kf7 18. g4 Rd8 19. b4 Ne4 20. gxf5 exf5 21. Nxf5 Ke8 22. Nd4 Nxc3 23. Qe6+ Qe7 24. Bg4 Qxe6 25. Nxe6 Rd3 26. b5 axb5 27. axb5 Nxb5 28. Rab1 Rc3 29. Rxb5 Rxc4 30. Be2 Rc2 31. Nxf8 Rxf8 32. Re5+ Kd7 33. Rxf8 Rxe2 34. Rf7+ Kd6 35. Re8 Bd5 36. Rxh7 b5 37. Rh6 Rg2+ 38. Kf1 Rg4 39. h3 Rg3 40. e4 Be6 41. Kf2 Rg5 42. h4 Rg4 43. h5 Kd7 44. Ra8 gxh5 45. Ra7+ Kd6 46. Ra6+ Kd7 47. Rh7+ 1-0

[Event "Tula Sinitsin Memorial"]
[Site "Tula "]
[Date "2007.04.11"]
[Round "3"]
[White "Zerzhalova, Svetlana"]
[Black "Afromeev, Vladimir"]
[Result "0-1"]
[WhiteElo "1953"]
[BlackElo "2628"]
[PlyCount "30"]
[EventDate "2007.04.06"]
[EventType "tourn"]
[EventRounds "13"]
[EventCountry "RUS"]
[SourceTitle "EXT 2008"]
[Source "ChessBase"]
[SourceDate "2007.11.25"]
[SourceVersion "1"]
[SourceVersionDate "2007.11.25"]
[SourceQuality "1"]

1. e4 e5 2. Nf3 Nf6 3. Nc3 Nc6 4. Bc4 Nxe4 5. Nxe4 d5 6. Bb5 dxe4 7. Nxe5 Qg5 8. Bxc6+ bxc6 9. Nxc6 Qxg2 10. Rf1 Bg4 11. f3 Bxf3 12. Rxf3 exf3 13. d3 f2+ 14. Ke2 f1Q+ 15. Ke3 Qff2# 0-1

[Event "RUS Central Region-ch"]
[Site "Tula "]
[Date "2007.03.17"]
[Round "1"]
[White "Afromeev, Vladimir"]
[Black "Krasnov, Yury"]
[Result "1-0"]
[WhiteElo "2628"]
[BlackElo "2313"]
[PlyCount "95"]
[EventDate "2007.03.17"]
[EventType "swiss"]
[EventRounds "9"]
[EventCountry "RUS"]
[SourceTitle "EXT 2008"]
[Source "ChessBase"]
[SourceDate "2007.11.25"]
[SourceVersion "1"]
[SourceVersionDate "2007.11.25"]
[SourceQuality "1"]

1. e4 c5 2. c3 g6 3. d4 Bg7 4. dxc5 Qc7 5. Be3 Nf6 6. Bd3 0-0 7. f3 d5 8. cxd6 exd6 9. Ne2 Nc6 10. 0-0 Bd7 11. Na3 a6 12. Bc2 Be6 13. Nf4 Rad8 14. Nxe6 fxe6 15. Nc4 Qe7 16. Nb6 Nd7 17. Nxd7 Rxd7 18. Qe2 d5 19. exd5 exd5 20. Rfe1 d4 21. Qc4+ Qf7 22. Bb3 Qxc4 23. Bxc4+ Kh8 24. Rad1 b5 25. Bb3 Rdd8 26. Bg5 Rd7 27. Bh4 h6 28. Re6 Na5 29. Bc2 Nc4 30. b3 Nb2 31. Rxd4 Bxd4+ 32. cxd4 Kg7 33. Rxg6+ Kf7 34. Rf6+ Kg8 35. Rg6+ Kf7 36. Rxa6 Rxd4 37. Rxh6 Rc8 38. Bf5 Rc1+ 39. Kf2 Rd2+ 40. Kg3 Rg1 41. Bh3 b4 42. Rf6+ Kg7 43. Ra6 Nd1 44. Ra7+ Kg6 45. Kf4 Rd4+ 46. Ke5 Rxh4 47. Bf5+ Kh6 48. Kf6 1-0

[Event "Moscow Geller Memorial"]
[Site "Moscow"]
[Date "2006.05.11"]
[Round "12"]
[White "Afromeev, Vladimir"]
[Black "Dvalishvili, Pavel S"]
[Result "1-0"]
[WhiteElo "2558"]
[BlackElo "2455"]
[PlyCount "57"]
[EventDate "2006.05.04"]
[EventType "tourn"]
[EventRounds "11"]
[EventCountry "RUS"]
[EventCategory "10"]
[SourceTitle "CBM 112 Extra"]
[Source "ChessBase"]
[SourceDate "2006.07.14"]
[SourceVersion "1"]
[SourceVersionDate "2006.07.14"]
[SourceQuality "1"]

1. e4 c5 2. c3 d5 3. exd5 Qxd5 4. d4 Nf6 5. dxc5 Qxd1+ 6. Kxd1 e5 7. b4 Nc6 8. Bb5 a5 9. Nf3 Bg4 10. Kc2 Bxf3 11. gxf3 axb4 12. cxb4 Nd5 13. Bd2 Be7 14. a3 0-0 15. Bxc6 bxc6 16. Nc3 Rfd8 17. Nxd5 Rxd5 18. a4 Bh4 19. Rhf1 Rd4 20. Bc3 Rf4 21. b5 Be7 22. b6 f6 23. a5 Bxc5 24. b7 Rd8 25. a6 Ba7 26. Ba5 Rc4+ 27. Kb3 Rdd4 28. Rfc1 Rxc1 29. Rxc1 1-0

[Event "Moscow Geller Memorial"]
[Site "Moscow"]
[Date "2006.05.07"]
[Round "6"]
[White "Afromeev, Vladimir"]
[Black "Saulin, Dmitri"]
[Result "1-0"]
[WhiteElo "2558"]
[BlackElo "2471"]
[PlyCount "63"]
[EventDate "2006.05.04"]
[EventType "tourn"]
[EventRounds "11"]
[EventCountry "RUS"]
[EventCategory "10"]
[SourceTitle "CBM 112 Extra"]
[Source "ChessBase"]
[SourceDate "2006.07.14"]
[SourceVersion "1"]
[SourceVersionDate "2006.07.14"]
[SourceQuality "1"]

1. e4 e5 2. Nf3 Nc6 3. d4 exd4 4. Nxd4 Nf6 5. Nxc6 bxc6 6. e5 Qe7 7. Qe2 Nd5 8. c4 Ba6 9. b3 g6 10. f4 Bg7 11. Qf2 Nb6 12. Ba3 d6 13. Nc3 0-0 14. Be2 Bb7 15. 0-0 c5 16. Rad1 a6 17. Bf3 Bxf3 18. Qxf3 Rfe8 19. Qc6 f5 20. Rfe1 Rad8 21. Nd5 Nxd5 22. Qxd5+ Kh8 23. Qc6 Kg8 24. exd6 Qxe1+ 25. Rxe1 Rxe1+ 26. Kf2 Re6 27. Bxc5 cxd6 28. Qd5 Rde8 29. Bxd6 Kh8 30. Qd2 Re4 31. Bc5 Bf6 32. g3 1-0

[Event "Tula Igriashvili Memorial"]
[Site "Tula "]
[Date "2006.04.01"]
[Round "9"]
[White "Afromeev, Vladimir"]
[Black "Sergeev, Gennady"]
[Result "1-0"]
[WhiteElo "2573"]
[BlackElo "2412"]
[PlyCount "89"]
[EventDate "2006.03.26"]
[EventType "tourn"]
[EventRounds "14"]
[EventCountry "RUS"]
[EventCategory "8"]
[SourceTitle "EXT 2008"]
[Source "ChessBase"]
[SourceDate "2007.11.25"]
[SourceVersion "1"]
[SourceVersionDate "2007.11.25"]
[SourceQuality "1"]

1. e4 c5 2. c3 Nf6 3. e5 Nd5 4. d4 cxd4 5. cxd4 d6 6. Nf3 Nc6 7. Bc4 Nb6 8. Bb5 dxe5 9. Nxe5 Bd7 10. Bxc6 Bxc6 11. Nxc6 bxc6 12. 0-0 g6 13. Re1 Bg7 14. Bg5 Nc8 15. Qf3 Qb6 16. Nd2 0-0 17. Nb3 e6 18. Rac1 Bxd4 19. Bh6 Bg7 20. Bxg7 Kxg7 21. Rxc6 Qd8 22. Nc5 Nb6 23. a4 h5 24. Qe3 Qf6 25. b4 Nd5 26. Qc1 Nxb4 27. Rc7 Rfe8 28. Ne4 Qd8 29. Qf4 Rf8 30. Ng5 Nd3 31. Nxe6+ Kg8 32. Qe4 Qf6 33. Qxd3 fxe6 34. f3 Rf7 35. Rxf7 Kxf7 36. Qd7+ Qe7 37. Qc6 Re8 38. Rb1 Qf6 39. Qd6 Re7 40. Rb4 Qa1+ 41. Kf2 Qa2+ 42. Kg3 Qd5 43. Rf4+ Ke8 44. Qb8+ Qd8 45. Rf8+ 1-0

[Event "Tula Igriashvili Memorial"]
[Site "Tula "]
[Date "2006.03.30"]
[Round "7"]
[White "Novikov, Maxim"]
[Black "Afromeev, Vladimir"]
[Result "1/2-1/2"]
[WhiteElo "2518"]
[BlackElo "2573"]
[PlyCount "47"]
[EventDate "2006.03.26"]
[EventType "tourn"]
[EventRounds "14"]
[EventCountry "RUS"]
[EventCategory "8"]
[SourceTitle "EXT 2008"]
[Source "ChessBase"]
[SourceDate "2007.11.25"]
[SourceVersion "1"]
[SourceVersionDate "2007.11.25"]
[SourceQuality "1"]

1. c4 Nf6 2. Nc3 c5 3. g3 g6 4. Bg2 Bg7 5. Nf3 Nc6 6. 0-0 0-0 7. d4 cxd4 8. Nxd4 Qb6 9. Nb3 d6 10. Nb5 a6 11. Be3 Qd8 12. N5d4 Bd7 13. h3 Rb8 14. Rc1 e5 15. Nf3 Be6 16. Ng5 d5 17. Nxe6 fxe6 18. Nc5 d4 19. Bg5 Qd6 20. Bxf6 Bxf6 21. Ne4 Qd7 22. a3 a5 23. b3 Be7 24. c5 1/2-1/2

[Event "Tula Igriashvili Memorial"]
[Site "Tula "]
[Date "2006.03.29"]
[Round "5"]
[White "Chuiko, Alexander"]
[Black "Afromeev, Vladimir"]
[Result "1/2-1/2"]
[WhiteElo "2397"]
[BlackElo "2573"]
[PlyCount "84"]
[EventDate "2006.03.26"]
[EventType "tourn"]
[EventRounds "14"]
[EventCountry "RUS"]
[EventCategory "8"]
[SourceTitle "EXT 2008"]
[Source "ChessBase"]
[SourceDate "2007.11.25"]
[SourceVersion "1"]
[SourceVersionDate "2007.11.25"]
[SourceQuality "1"]

1. e4 e5 2. Nf3 Nf6 3. Nxe5 Nxe4 4. Qe2 Qe7 5. Qxe4 d6 6. d4 dxe5 7. dxe5 Nc6 8. Nc3 Qxe5 9. Qxe5+ Nxe5 10. Bf4 Bd6 11. Bg3 Bd7 12. 0-0-0 f6 13. Nb5 Bxb5 14. Bxb5+ Kf7 15. Rhe1 Rad8 16. c3 c6 17. Be2 Rhe8 18. Kc2 Bc7 19. Rxd8 Rxd8 20. f3 Rd7 21. Bf2 Bb6 22. Bxb6 axb6 23. f4 Ng6 24. Bc4+ Kf8 25. g3 Ne7 26. a4 Rd6 27. Rd1 Rxd1 28. Kxd1 Ke8 29. Be6 Kd8 30. Kd2 Kc7 31. Kd3 Kd6 32. Bh3 Kc5 33. Bg2 Nc8 34. Be4 h6 35. Bf5 Ne7 36. Be4 Nc8 37. b4+ Kd6 38. Kd4 Ne7 39. a5 bxa5 40. bxa5 Nc8 41. Kc4 Ne7 42. Kd4 Nc8 1/2-1/2

[Event "Tula Igriashvili Memorial"]
[Site "Tula "]
[Date "2006.03.28"]
[Round "4"]
[White "Afromeev, Vladimir"]
[Black "Yagupov, Igor"]
[Result "1/2-1/2"]
[WhiteElo "2573"]
[BlackElo "2534"]
[PlyCount "76"]
[EventDate "2006.03.26"]
[EventType "tourn"]
[EventRounds "14"]
[EventCountry "RUS"]
[EventCategory "8"]
[SourceTitle "EXT 2008"]
[Source "ChessBase"]
[SourceDate "2007.11.25"]
[SourceVersion "1"]
[SourceVersionDate "2007.11.25"]
[SourceQuality "1"]

1. e4 e6 2. d4 d5 3. exd5 exd5 4. Bd3 Nc6 5. c3 Qf6 6. Ne2 Bd6 7. Qd2 Bf5 8. Bxf5 Qxf5 9. Ng3 Qg6 10. Qg5 Nge7 11. Qxg6 hxg6 12. Be3 b5 13. Na3 Rb8 14. Nc2 b4 15. Kd2 f6 16. cxb4 Nxb4 17. Ne2 g5 18. h3 Nf5 19. Nxb4 Rxb4 20. b3 Kd7 21. Kd3 Re8 22. Bd2 Rbb8 23. Nc3 c6 24. Rae1 Nh4 25. Rxe8 Rxe8 26. Rg1 Bh2 27. Rh1 Bc7 28. Rg1 Re7 29. Nd1 Re4 30. Nc3 Re6 31. Na4 Bd6 32. b4 Re8 33. Nc5+ Bxc5 34. bxc5 Rb8 35. Bc3 Ng6 36. g3 Rh8 37. Rb1 Kc8 38. Rh1 Ne7 1/2-1/2

[Event "Tula Igriashvili Memorial"]
[Site "Tula "]
[Date "2006.03.26"]
[Round "1"]
[White "Afromeev, Vladimir"]
[Black "Zaitsev, Alexander"]
[Result "1-0"]
[WhiteElo "2573"]
[BlackElo "2401"]
[PlyCount "59"]
[EventDate "2006.03.26"]
[EventType "tourn"]
[EventRounds "14"]
[EventCountry "RUS"]
[EventCategory "8"]
[SourceTitle "EXT 2008"]
[Source "ChessBase"]
[SourceDate "2007.11.25"]
[SourceVersion "1"]
[SourceVersionDate "2007.11.25"]
[SourceQuality "1"]

1. e4 c5 2. c3 b6 3. d4 Bb7 4. d5 Nf6 5. f3 e6 6. dxe6 fxe6 7. Na3 Be7 8. Nh3 0-0 9. Be2 d5 10. Nf4 Qd6 11. 0-0 dxe4 12. fxe4 Nxe4 13. Bc4 Rf6 14. Nxe6 Kh8 15. Qxd6 Nxd6 16. Rxf6 Bxf6 17. Nc7 Nd7 18. Nxa8 Nxc4 19. Nxc4 Bxa8 20. Bf4 Bd5 21. Nd6 g5 22. Bg3 a6 23. Re1 Bxa2 24. Ra1 Bb3 25. Rxa6 Be6 26. Nc8 Bd8 27. Ra7 Kg7 28. Bc7 Bxc7 29. Rxc7 Kf6 30. Rc6 1-0

[Event "Tula Rassadnev Memorial"]
[Site "Tula"]
[Date "2006.02.18"]
[Round "12"]
[White "Drizgalovich, Mikhail"]
[Black "Afromeev, Vladimir"]
[Result "0-1"]
[WhiteElo "2123"]
[BlackElo "2573"]
[PlyCount "38"]
[EventDate "2006.02.01"]
[EventType "tourn"]
[EventRounds "15"]
[EventCountry "RUS"]
[SourceTitle "EXT 2007"]
[Source "ChessBase"]
[SourceDate "2006.11.23"]
[SourceVersion "1"]
[SourceVersionDate "2006.11.23"]
[SourceQuality "1"]

1. Nf3 Nf6 2. d4 c5 3. c4 cxd4 4. Nxd4 e5 5. Nb5 d5 6. N1c3 a6 7. Na3 d4 8. Ncb1 Nc6 9. g3 Be7 10. Bg2 0-0 11. 0-0 Bf5 12. Nc2 a5 13. Nd2 Re8 14. Nf3 Qd7 15. b3 Rad8 16. a3 h6 17. Rb1 e4 18. Nh4 Bh7 19. b4 g5 0-1

[Event "Tula Rassadnev Memorial"]
[Site "Tula"]
[Date "2006.02.11"]
[Round "8"]
[White "Afromeev, Vladimir"]
[Black "Kuznezov, Albert"]
[Result "1-0"]
[WhiteElo "2573"]
[BlackElo "2098"]
[PlyCount "71"]
[EventDate "2006.02.01"]
[EventType "tourn"]
[EventRounds "15"]
[EventCountry "RUS"]
[SourceTitle "EXT 2007"]
[Source "ChessBase"]
[SourceDate "2006.11.23"]
[SourceVersion "1"]
[SourceVersionDate "2006.11.23"]
[SourceQuality "1"]

1. e4 e6 2. d4 d5 3. e5 c5 4. c3 Nc6 5. Nf3 Bd7 6. Be2 c4 7. 0-0 Nge7 8. b3 b5 9. bxc4 bxc4 10. Ba3 Ng6 11. Bxf8 Nxf8 12. Na3 a6 13. Qc1 Ng6 14. Nc2 0-0 15. Qe3 Qa5 16. Rfb1 Rab8 17. Nfe1 Nge7 18. Bg4 Rfc8 19. a3 h6 20. Nb4 Nxb4 21. axb4 Qb6 22. Qc1 Nc6 23. Bd1 Ra8 24. Qf4 Ne7 25. Ra5 Nf5 26. Bc2 g5 27. Qf3 Qd8 28. Bxf5 exf5 29. Rxd5 f4 30. Rd6 a5 31. bxa5 Rxa5 32. Qh5 Rc6 33. Qxh6 Rxd6 34. Qxd6 Qe8 35. Qh6 Qe7 36. Nf3 1-0

[Event "Tula Rassadnev Memorial"]
[Site "Tula"]
[Date "2006.02.10"]
[Round "7"]
[White "Sinitsin, Evgeniy"]
[Black "Afromeev, Vladimir"]
[Result "0-1"]
[WhiteElo "2327"]
[BlackElo "2573"]
[PlyCount "66"]
[EventDate "2006.02.01"]
[EventType "tourn"]
[EventRounds "15"]
[EventCountry "RUS"]
[SourceTitle "EXT 2007"]
[Source "ChessBase"]
[SourceDate "2006.11.23"]
[SourceVersion "1"]
[SourceVersionDate "2006.11.23"]
[SourceQuality "1"]

1. d4 Nf6 2. Nf3 c5 3. c4 cxd4 4. Nxd4 e5 5. Nb5 d5 6. cxd5 Bc5 7. e3 0-0 8. N1c3 a6 9. Na3 b5 10. Nc2 b4 11. Na4 Bd6 12. Be2 Bb7 13. 0-0 Bxd5 14. b3 Qc7 15. Bb2 Rd8 16. Rc1 Nc6 17. f3 Qa7 18. Kh1 Be6 19. Bd3 Nd5 20. e4 Nf4 21. Be2 Be7 22. Qe1 Bg5 23. Na1 Nd4 24. Bxd4 Rxd4 25. Rd1 Rad8 26. Qf2 Nxe2 27. Qxe2 Rd2 28. Rxd2 Rxd2 29. Qe1 Qd4 30. h4 Bh3 31. Rg1 Be3 32. gxh3 Bxg1 33. Qxg1 Rd1 0-1

[Event "Tula Rassadnev Memorial"]
[Site "Tula"]
[Date "2006.02.07"]
[Round "5"]
[White "Zherzalova, Svetlana"]
[Black "Afromeev, Vladimir"]
[Result "0-1"]
[WhiteElo "1997"]
[BlackElo "2573"]
[PlyCount "76"]
[EventDate "2006.02.01"]
[EventType "tourn"]
[EventRounds "15"]
[EventCountry "RUS"]
[SourceTitle "EXT 2007"]
[Source "ChessBase"]
[SourceDate "2006.11.23"]
[SourceVersion "1"]
[SourceVersionDate "2006.11.23"]
[SourceQuality "1"]

1. e4 e5 2. Nf3 Nf6 3. d3 Nc6 4. c3 Bc5 5. h3 d5 6. Nbd2 0-0 7. Qe2 a5 8. g3 b6 9. b3 Ba6 10. Bb2 dxe4 11. Nxe4 Nxe4 12. Qxe4 Qd6 13. 0-0-0 Bxf2 14. g4 a4 15. Ng5 Qh6 16. h4 Bb7 17. Rh3 axb3 18. a3 Bc5 19. a4 f6 20. Qc4+ Kh8 21. Kb1 fxg5 22. hxg5 Qg6 23. Bg2 Na5 24. Be4 Bxe4 25. Qxe4 Qxe4 26. dxe4 Nc4 27. Rdh1 Rf1+ 28. Rxf1 Nd2+ 29. Kc1 Nxf1 30. g6 h6 31. c4 Rxa4 32. Bxe5 Rxc4+ 33. Kb2 Rxe4 34. Rd3 Bd6 35. Bxd6 cxd6 36. Rf3 Kg8 37. Rxf1 Rxg4 38. Kxb3 Rxg6 0-1